<?xml version="1.0" encoding="UTF-8"?><?xml-stylesheet type="text/xsl" href="static/style.xsl"?><OAI-PMH xmlns="http://www.openarchives.org/OAI/2.0/" xmlns:xsi="http://www.w3.org/2001/XMLSchema-instance" xsi:schemaLocation="http://www.openarchives.org/OAI/2.0/ http://www.openarchives.org/OAI/2.0/OAI-PMH.xsd"><responseDate>2026-04-29T19:34:51Z</responseDate><request verb="GetRecord" identifier="oai:repisalud.isciii.es:20.500.12105/15453" metadataPrefix="marc">https://repisalud.isciii.es/rest/oai/request</request><GetRecord><record><header><identifier>oai:repisalud.isciii.es:20.500.12105/15453</identifier><datestamp>2024-11-28T16:31:27Z</datestamp><setSpec>com_20.500.12105_2052</setSpec><setSpec>com_20.500.12105_2051</setSpec><setSpec>com_20.500.12105_15322</setSpec><setSpec>col_20.500.12105_19609</setSpec><setSpec>col_20.500.12105_16938</setSpec></header><metadata><record xmlns="http://www.loc.gov/MARC21/slim" xmlns:dcterms="http://purl.org/dc/terms/" xmlns:doc="http://www.lyncode.com/xoai" xmlns:xsi="http://www.w3.org/2001/XMLSchema-instance" xsi:schemaLocation="http://www.loc.gov/MARC21/slim http://www.loc.gov/standards/marcxml/schema/MARC21slim.xsd">
   <leader>00925njm 22002777a 4500</leader>
   <datafield ind2=" " ind1=" " tag="042">
      <subfield code="a">dc</subfield>
   </datafield>
   <datafield ind2=" " ind1=" " tag="720">
      <subfield code="a">Cañada-Garcia, Javier Enrique</subfield>
      <subfield code="e">author</subfield>
   </datafield>
   <datafield ind2=" " ind1=" " tag="720">
      <subfield code="a">Ramirez de Arellano, Eva</subfield>
      <subfield code="e">author</subfield>
   </datafield>
   <datafield ind2=" " ind1=" " tag="720">
      <subfield code="a">Jiménez-Orellana, Miguel</subfield>
      <subfield code="e">author</subfield>
   </datafield>
   <datafield ind2=" " ind1=" " tag="720">
      <subfield code="a">Viedma, Esther</subfield>
      <subfield code="e">author</subfield>
   </datafield>
   <datafield ind2=" " ind1=" " tag="720">
      <subfield code="a">Sánchez, Aida</subfield>
      <subfield code="e">author</subfield>
   </datafield>
   <datafield ind2=" " ind1=" " tag="720">
      <subfield code="a">Alhambra, Almudena</subfield>
      <subfield code="e">author</subfield>
   </datafield>
   <datafield ind2=" " ind1=" " tag="720">
      <subfield code="a">Villa, Jennifer</subfield>
      <subfield code="e">author</subfield>
   </datafield>
   <datafield ind2=" " ind1=" " tag="720">
      <subfield code="a">Delgado-Iribarren, Alberto</subfield>
      <subfield code="e">author</subfield>
   </datafield>
   <datafield ind2=" " ind1=" " tag="720">
      <subfield code="a">Bautista, Veronica</subfield>
      <subfield code="e">author</subfield>
   </datafield>
   <datafield ind2=" " ind1=" " tag="720">
      <subfield code="a">Lara Fuella, Noelia</subfield>
      <subfield code="e">author</subfield>
   </datafield>
   <datafield ind2=" " ind1=" " tag="720">
      <subfield code="a">García-Cobos, Silvia</subfield>
      <subfield code="e">author</subfield>
   </datafield>
   <datafield ind2=" " ind1=" " tag="720">
      <subfield code="a">Aracil, Belen</subfield>
      <subfield code="e">author</subfield>
   </datafield>
   <datafield ind2=" " ind1=" " tag="720">
      <subfield code="a">Cercenado, Emilia</subfield>
      <subfield code="e">author</subfield>
   </datafield>
   <datafield ind2=" " ind1=" " tag="720">
      <subfield code="a">Perez-Vazquez, Maria</subfield>
      <subfield code="e">author</subfield>
   </datafield>
   <datafield ind2=" " ind1=" " tag="720">
      <subfield code="a">Oteo-Iglesias, Jesus</subfield>
      <subfield code="e">author</subfield>
   </datafield>
   <datafield ind2=" " ind1=" " tag="260">
      <subfield code="c">2023-01-06</subfield>
   </datafield>
   <datafield ind2=" " ind1=" " tag="520">
      <subfield code="a">During the COVID-19 pandemic, intensive care units (ICUs) operated at or above capacity, and the number of ICU patients coinfected by nosocomial microorganisms increased. Here, we characterize the population structure and resistance mechanisms of carbapenemase-producing Klebsiella pneumoniae (CP-Kpn) from COVID-19 ICU patients and compare them to pre-pandemic populations of CP-Kpn. We analyzed 84 CP-Kpn isolates obtained during the pandemic and 74 CP-Kpn isolates obtained during the pre-pandemic period (2019) by whole genome sequencing, core genome multilocus sequence typing, plasmid reconstruction, and antibiotic susceptibility tests. More CP-Kpn COVID-19 isolates produced OXA-48 (60/84, 71.4%) and VIM-1 (18/84, 21.4%) than KPC (8/84, 9.5%). Fewer pre-pandemic CP-Kpn isolates produced VIM-1 (7/74, 9.5%). Cefiderocol (97.3-100%) and plazomicin (97.5-100%) had the highest antibiotic activity against pandemic and pre-pandemic isolates. Sequence type 307 (ST307) was the most widely distributed ST in both groups. VIM-1-producing isolates belonging to ST307, ST17, ST321 and ST485, (STs infrequently associated to VIM-1) were detected during the COVID-19 period. Class 1 integron Int1-blaVIM-1-aac(6')-1b-dfrB1-aadAI-catB2-qacEΔ1/sul1, found on an IncL plasmid of approximately 70,000 bp, carried blaVIM-1 in ST307, ST17, ST485, and ST321 isolates. Thus, CP-Kpn populations from pandemic and pre-pandemic periods have similarities. However, VIM-1 isolates associated with atypical STs increased during the pandemic, which warrants additional monitoring and surveillance.</subfield>
   </datafield>
   <datafield ind1="8" ind2=" " tag="024">
      <subfield code="a">Antibiotics (Basel). 2023 Jan 6;12(1):107.</subfield>
   </datafield>
   <datafield ind1="8" ind2=" " tag="024">
      <subfield code="a">10.3390/antibiotics12010107</subfield>
   </datafield>
   <datafield ind1="8" ind2=" " tag="024">
      <subfield code="a">2079-6382</subfield>
   </datafield>
   <datafield ind1="8" ind2=" " tag="024">
      <subfield code="a">Antibiotics (Basel, Switzerland)</subfield>
   </datafield>
   <datafield ind1="8" ind2=" " tag="024">
      <subfield code="a">36671308</subfield>
   </datafield>
   <datafield ind1="8" ind2=" " tag="024">
      <subfield code="a">http://hdl.handle.net/20.500.12105/15453</subfield>
   </datafield>
   <datafield tag="653" ind2=" " ind1=" ">
      <subfield code="a">Klebsiella pneumoniae</subfield>
   </datafield>
   <datafield tag="653" ind2=" " ind1=" ">
      <subfield code="a">Carbapenemases</subfield>
   </datafield>
   <datafield tag="653" ind2=" " ind1=" ">
      <subfield code="a">COVID-19</subfield>
   </datafield>
   <datafield tag="653" ind2=" " ind1=" ">
      <subfield code="a">Antibiotic resistance</subfield>
   </datafield>
   <datafield tag="653" ind2=" " ind1=" ">
      <subfield code="a">Intensive care units (ICUs)</subfield>
   </datafield>
   <datafield tag="653" ind2=" " ind1=" ">
      <subfield code="a">Outbreaks</subfield>
   </datafield>
   <datafield tag="653" ind2=" " ind1=" ">
      <subfield code="a">cgMLST</subfield>
   </datafield>
   <datafield tag="653" ind2=" " ind1=" ">
      <subfield code="a">WGS</subfield>
   </datafield>
   <datafield ind2="0" ind1="0" tag="245">
      <subfield code="a">Carbapenemase-Producing Klebsiella pneumoniae in COVID-19 Intensive Care Patients: Identification of IncL-VIM-1 Plasmid in Previously Non-Predominant Sequence Types</subfield>
   </datafield>
</record></metadata></record></GetRecord></OAI-PMH>